000 00347nam a22001577a 4500
003 OSt
008 250425b |||||||| |||| 00| 0 eng d
020 _a9780140447934
100 _aTOLSTOY,Leo
245 _aWar and Peace
250 _a5th
260 _aUnited kingdom
_bPenguin
_c2005
300 _a1399
650 _aGeneral
942 _2ddc
_cBK
999 _c13438
_d13438